00582 2200217 4500001002100000005001700021008004100038035002400079090001700103100001800120245004500138250001100183260004600194300002500240500002700265650002100292850001500313980001500328985000600343999001500349YOGYA-0209000002230020090227023630.0 ind  0010-020900000022300 a155.5bTam R aTAMBUNAN, E.H aRemaja sahabat kitacoleh, E.H. Tambunan aCet. 1 aBandungbIndonesia Publishing Housec1981 a173 hlmbilusc21 cm aBibliografi : hlm. 173 aPsikologi remaja aYOPDYOG(B) a01-16-2007 a1 a06A0016104